| 000 | 02297nam a22003737a 4500 | ||
|---|---|---|---|
| 001 | 16210212 | ||
| 003 | OSt | ||
| 005 | 20210426063810.0 | ||
| 008 | 100429s2010 nyuab bq 001 0beng | ||
| 010 | _a 2010016653 | ||
| 015 |
_aGBB078228 _2bnb |
||
| 016 | 7 |
_a015588988 _2Uk |
|
| 020 | _a9780393069624 | ||
| 035 | _a(OCoLC)ocn449865408 | ||
| 040 |
_aDLC _cDLC _dYDX _dBTCTA _dYDXCP _dUKM _dGO3 _dNPL _dYBM _dABG _dZAG _dVP@ _dCDX _dDLC |
||
| 043 | _an-us-hi | ||
| 050 | 0 | 0 |
_aHV7571.H3 _bH83 2010 |
| 080 |
_a92 _bH-88 |
||
| 082 | 0 | 0 |
_a363.25092 _aB _222 |
| 100 | 1 | _aHuang, Yunte. | |
| 245 | 1 | 0 |
_aCharlie Chan : _bthe untold story of the honorable detective and his rendezvous with American history / _cYunte Huang. |
| 250 | _a1st ed. | ||
| 260 |
_aNew York : _bW. W. Norton, _cc2010. |
||
| 300 |
_axx, 354 p. : _bill., map ; _c25 cm. |
||
| 504 | _aIncludes bibliographical references (p. 329-336) and index. | ||
| 505 | 0 | _aThe "real" Charlie Chan. Sandalwood Mountains ; Canton ; Paniolo, the Hawaiian cowboy ; The Wilders of Waikiki ; "Book 'em, Danno!" ; Chinatown ; The See Yup man ; Desperadoes ; Double murder -- Charlie Chan's pop. The other Canton ; Lampoon ; The raconteur ; The house without a key -- Charlie Chan, the Chinaman. The heathen Chinee ; Fu Manchu ; Charlie Chan, the Chinaman ; Kaimuki ; Pasadena ; A meeting of East and West -- Charlie Chan at the movies. Hollywood's Chinoiserie ; Yellowface ; Between the real and the reel ; Rape in paradise ; The Black Camel ; Racial parables -- Charlie Chan carries on. Charlie Chan in China ; Charlie Chan soldiers on ; The Fu Manchurian candidate ; Will the real Charlie Chan please stand up? -- Appendix I. A list of Charlie Chanisms -- Appendix II. A list of Charlie Chan films. | |
| 520 | _aA biography of cinematic hero Charlie Chan, based on the real-life Chinese immigrant detective, Chang Apana, whose bravado inspired mystery writer Earl Derr Biggers to depict his fictional sleuth as a wisecracking and wise investigator rather than a stereotype. | ||
| 600 | 1 | 0 |
_aApana, Chang, _d1871-1933. |
| 600 | 1 | 0 |
_aChan, Charlie _c(Fictitious character) |
| 650 | 0 |
_aDetectives _zHawaii _vBiography. |
|
| 906 |
_a7 _bcbc _corignew _d1 _eecip _f20 _gy-gencatlg |
||
| 942 |
_2udc _cBK |
||
| 999 |
_c1464 _d1464 |
||